Welcome to CU Library Online Public Access Catalogue (OPAC)

Introductory Mathematical Analysis/ (Record no. 1447)

MARC details
000 -LEADER
fixed length control field 00682nam a22001817a 4500
005 - DATE AND TIME OF LATEST TRANSACTION
control field 20241122151230.0
008 - FIXED-LENGTH DATA ELEMENTS--GENERAL INFORMATION
fixed length control field 241122b |||||||| |||| 00| 0 eng d
020 ## - INTERNATIONAL STANDARD BOOK NUMBER
International Standard Book Number 9780131276291
050 ## - LIBRARY OF CONGRESS CALL NUMBER
Classification number QA3003 HAE
100 ## - MAIN ENTRY--PERSONAL NAME
Personal name Haeussler, Ernest F. Jr
245 ## - TITLE STATEMENT
Title Introductory Mathematical Analysis/
Remainder of title for business, economics and the life and social sciences
Statement of responsibility, etc. Ernest F. Haeussler, Jr., Richard S. Paul & R. J. Wood
250 ## - EDITION STATEMENT
Edition statement 11th Ed.
Remainder of edition statement international edition
260 ## - PUBLICATION, DISTRIBUTION, ETC.
Place of publication, distribution, etc. Upper Saddle River, NewJersey
Name of publisher, distributor, etc. Pearson Prentice Hall
Date of publication, distribution, etc. 2005
300 ## - PHYSICAL DESCRIPTION
Extent xiv.971. various paging
Other physical details ill. some color
Dimensions 25cm
700 ## - ADDED ENTRY--PERSONAL NAME
Personal name Paul, Richard S.
700 ## - ADDED ENTRY--PERSONAL NAME
Personal name Wood, R. J.
942 ## - ADDED ENTRY ELEMENTS (KOHA)
Source of classification or shelving scheme Library of Congress Classification
Koha item type Books
Edition 11th Ed.
Suppress in OPAC No
999 ## -
-- 1447
-- 1447
Holdings
Withdrawn status Lost status Source of classification or shelving scheme Damaged status Not for loan Collection Home library Current library Shelving location Date acquired Total checkouts Full call number Barcode Date last seen Copy number Price effective from Koha item type
    Library of Congress Classification     Non-fiction Science Library (Miotso) Science Library (Miotso) General stacks 11/22/2024   QA3003 HAE SLM00000763 11/22/2024 1 11/22/2024 Books
    Library of Congress Classification     Non-fiction Science Library (Miotso) Science Library (Miotso) General stacks 11/22/2024   QA3003 HAE SLM00000764 11/22/2024 2 11/22/2024 Books
© 2023-2024 Copyright: Central University Libraries. All Rights Reserved | Created by: Mahone Tech Office